|
|
|
|
| LEADER |
00000nab a2200000 a 4500 |
| 001 |
vtls000843697 |
| 003 |
SK-MaSNL |
| 005 |
20260304174534.0 |
| 008 |
250429c2003 xo 0 slo |
| 015 |
|
|
|a SNBRB2003/08-24414
|
| 035 |
|
|
|a CLN000195352
|
| 035 |
|
|
|a urn:nbn:sk:snk-ab322e
|
| 035 |
|
|
|a (urnnbn)urn:nbn:sk:snk:ar-a05jgc
|
| 035 |
|
|
|a (uuid)5174ef91-66f9-4a19-8da3-f9c288f49d91
|
| 040 |
|
|
|a SNKBUCL
|b slo
|c SNKBUCL
|e AACR2
|
| 041 |
0 |
|
|a slo
|
| 044 |
|
|
|a xo
|c SK
|
| 080 |
|
|
|a 616.379-008.64-06:611.018.74
|2 1997
|
| 100 |
1 |
|
|a Galajda, Peter,
|d 1960-
|4 aut
|9 195289
|
| 245 |
1 |
0 |
|a Diabetická endotelopatia
|c Peter Galajda
|
| 246 |
1 |
1 |
|a Diabetic endotelopathy
|
| 504 |
|
|
|a Res. angl., slov.
|
| 504 |
|
|
|a Bibliogr. odkazy
|
| 650 |
0 |
7 |
|a endotel cievny
|x patológia
|2 MESH
|9 1309876
|
| 650 |
0 |
7 |
|a diabetes mellitus
|x komplikácie
|2 MESH
|9 855267
|
| 650 |
0 |
7 |
|a diabetické angiopatie
|2 MESH
|9 19504
|
| 650 |
0 |
7 |
|a trombomodulín
|x metabolizmus
|2 MESH
|9 1505976
|
| 650 |
0 |
7 |
|a von Willebrandov faktor
|x klasifikácia
|2 MESH
|9 1505977
|
| 655 |
|
7 |
|a články z novín a časopisov
|2 snkbucl
|9 267496
|
| 773 |
0 |
|
|t Interná medicína
|g Roč. 3, č. 2 (2003), s. 85-89
|x 1335-8359
|
| 850 |
|
|
|a Slovenská národná knižnica
|
| 852 |
|
|
|a Slovenská národná knižnica
|
| 954 |
|
|
|a odborná, vedecká literatúra pôvodná (slovenská)
|2 lita
|
| 958 |
|
|
|a article2022
|
| 958 |
|
|
|a MI
|
| 958 |
|
|
|a NB
|
| 958 |
|
|
|a OND
|
| 958 |
|
|
|a EUIPO
|
| 999 |
|
|
|c 3009249
|d 3011179
|